Loading...
History - World History | 0 | 4 | 0 | 2 | 40 | 122 | 127.00 | 0 | 0 |
Social Science | 0 | 3 | 0 | 0 | 30 | 70 | 79.67 | 0 | 2 |
Fine Arts - Painting and Sculpture | 0 | 3 | 0 | 0 | 30 | 133 | 139.00 | 0 | 1 |
Literature - World Literature | 0 | 2 | 0 | 0 | 20 | 125 | 128.00 | 0 | 1 |
Fine Arts - Other Fine Arts | 0 | 2 | 0 | 0 | 20 | 122 | 123.50 | 0 | 0 |
Science - Other Science | 0 | 1 | 0 | 1 | 10 | 122 | 122.00 | 0 | 1 |
History - European History | 0 | 1 | 0 | 1 | 10 | 126 | 126.00 | 0 | 0 |
Literature - European Literature | 0 | 1 | 1 | 0 | 5 | 139 | 139.00 | 0 | 0 |
History - American History | 0 | 1 | 1 | 0 | 5 | 114 | 114.00 | 0 | 0 |
Science - Chemistry | 0 | 0 | 0 | 0 | 0 | 0.00 | 0 | 0 | |
Current Events | 0 | 0 | 0 | 0 | 0 | 0.00 | 0 | 0 | |
Fine Arts - Classical Music | 0 | 1 | 2 | 0 | 0 | 78 | 78.00 | 0 | 1 |